Geography Quiz

Random Geography or Flags Quiz
Score 0/26 Timer 07:00
1 Play Today
Plant Country % Correct
North AmericaCanada
83.1%
North AmericaMexico
74%
EuropeCyprus
70.6%
South AmericaPeru
60.4%
AsiaLebanon
59.8%
South AmericaParaguay
55.5%
South AmericaEcuador
55.4%
South AmericaBolivia
54.4%
South AmericaVenezuela
53%
North AmericaGuatemala
49.5%
North AmericaBelize
48.1%
North AmericaHaiti
47.6%
OceaniaFiji
45.8%
Plant Country % Correct
North AmericaEl Salvador
45.3%
North AmericaDominican Republic
41.7%
North AmericaCosta Rica
41.5%
EuropeSpain
36.4%
North AmericaGrenada
35.6%
OceaniaVanuatu
30.8%
EuropeSan Marino
29.4%
EuropeMoldova
25.9%
AsiaSri Lanka
21.4%
AsiaTurkmenistan
19.5%
AsiaAfghanistan
19.2%
AfricaEritrea
15.1%
AfricaEquatorial Guinea
14%

You're not logged in!

Compare scores with friends on all Sporcle quizzes.
OR
Log In

Sporcle TV

Today on Sporcle TV


Watch our educational content, quiz creation guides, and fun videos on Sporcle TV.

Show Comments

Extras

Top Quizzes Today


Score Distribution

Paid Content

Your Account Isn't Verified!

In order to create a playlist on Sporcle, you need to verify the email address you used during registration. Go to your Sporcle Settings to finish the process.

Report this User

Report this user for behavior that violates our Community Guidelines.

Details: